000 00951nam a2200277Ia 4500
003 OSt
005 20220930072519.0
006 a|||||r|||| 00| 0
007 ta
008 220926b |||||||| |||| 00| 0 eng d
024 _a24526
037 _cTheses
040 _aCRL
_cCRL
_beng
041 _2eng
_aeng
100 _aDimri Ranu
_9529958
110 _aUniversity of Delhi. Faculty of Medical Sciences. Department of Radiology
_9524047
245 0 _a1st trimester pregnancy complications
_b Evaluation by transabdominal sonography, trans vaginal sonography and colour doppler imaging
260 _c1997
300 _a177p.
_ap.
_ccm.
650 _a COLLEGES AND UNIVERSITIES
650 _aDIAGNOSIS
_9519345
700 _a Dr S K Bhargava Supervisor
700 _aUniversity of Delhi. Faculty of Medical Sciences. Department of Radiology
_9524048
942 _cDIS
_2CC
999 _c864001
_d864001